Statistics for U.S. Cities With The Largest Population Density

Click here to take the quiz!

General Stats

  • This quiz has been taken 87 times
  • The average score is 10 of 15

Answer Stats

DensityCity% Correct
11,029/km²New York City
100%
3,321/km²Los Angeles
94%
7,315/km²San Francisco
94%
4,528/km²Philadelphia
92%
4,565/km²Chicago
90%
5,491/km²Boston
83%
5,139/km²Miami
81%
3,436/km²Seattle
79%
4,438/km²Washington D.C.
77%
3,008/km²Minneapolis
54%
4,527/km²Newark
54%
6,908/km²Jersey City
45%
3,588/km²Long Beach
22%
4,759/km²Santa Ana
13%
4,226/km²Hialeah
9%

Score Distribution

Percentile by Number Answered

Percent of People with Each Score

Your Score History

You have not taken this quiz